Mario Enemies - Statistics

General Stats
  • This quiz has been taken 1,187 times
  • The average score is 24 of 42
Answer Stats
Hint Answer % Correct
Evil King who Kidnaps Peach Bowser
87%
Common Explosive Bob-omb
84%
Common Turtle Koopa Troopa
84%
Son of Evil King Bowser Jr
82%
Common Ghost Boo
81%
Common Brown Mushroom Goomba
80%
Leader of Ghosts King Boo
79%
Mario's Yellow Rival Wario
79%
Luigi's Purple Rival Waluigi
77%
Common Squid Blooper
74%
Ruler of Explosives King Bob-omb
74%
Common Skeleton Turtle Dry Bones
73%
Ball on Chain Chain Chomp
71%
Venus Flytrap From Pipes Piranha Plant
71%
Hammer Throwing Turtle Hammer Bro
69%
Launches Deadly Spiked Enemies From a Cloud Lakitu
69%
Common Black Shark Missile Bullet Bill
68%
Flying Fish with Wings Cheep Cheep
65%
Previous Turtle With Wings Koopa Paratroopa
61%
Hot Throwing Turtle Fire Bro
60%
Magic-Using Blue Robed Turtle Kamek
60%
Cold Throwing Turtle Ice Bro
59%
Red Clothed Masked Enemy Shy Guy
59%
Spiked Moving Block Thwomp
56%
Male Koopaling Ludwig Von Koopa
54%
Female Koopaling Wendy Koopa
54%
Red Spiked Turtle Launched by Previous Enemy Spiny
52%
Male Koopaling Iggy Koopa
50%
Male Koopaling Roy Koopa
50%
Male Koopaling Morton Koopa
49%
Male Koopaling Larry Koopa
48%
Male Koopaling Lemmy Koopa
48%
Larger Version of Previous Enemy Banzai Bill
42%
Happy Looking Ball Cactus Pokey
41%
Flying Version of Previous Enemy Fly Guy
38%
Black Furry Poofball Fuzzy
34%
Blue 4-legged Turtle Buzzy Beetle
27%
Venus Flytrap Boss in Super Mario Galaxy Dino Piranha
20%
Water Walking Spider Looking Bug Skeeter
13%
Purple Spiked Version of Previous Enemy Porcupuffer
9%
Hot Long Reptile Fire Snake
5%
Boss Walking Venus Flytrap Petey Piranha
2%
No matching quizzes found
Score Distribution
Percent of People with Each Score
Percentile by Number Answered
Your Score History
You have not taken this quiz